| 000 | 01262cam a2200289 4500 | ||
|---|---|---|---|
| 008 | 090401t1991 xxu||||| |||| 00| 0 eng d | ||
| 020 | _a0117525316 | ||
| 035 | _a(Sirsi) u55192 | ||
| 041 | _aeng | ||
| 050 |
_a711.1 _c18 |
||
| 110 |
_aUnited Kingdom _bDepartment of the Environment _9982 |
||
| 245 |
_aMinerals planning guidance _bPlanning and Compensation Act 1991: Interim Development Order permissions (IDOS) - statutory provisions and procedures |
||
| 260 |
_aLondon _bHMSO _c1991 |
||
| 300 |
_a28p. _c30cm. |
||
| 350 | _a4.50 | ||
| 490 |
_aMPG _v8 |
||
| 520 | _aSets out the requirements of the Planning and Compensation Act 1991 s2 and Sched 2 for dealing with permissions for the winning and working of minerals or the depositing of minerals waste, originally granted under Interim Development Orders (IDOs) made between 21 July 1943 and before 1 July 1948. View at www.planning.odpm.gov.uk. | ||
| 650 | _aINTERIM DEVELOPMENT ORDERS | ||
| 650 | _aMINERALS PLANNING | ||
| 650 | _aMINERALS | ||
| 650 | _aMPG8 | ||
| 690 | _aMINING AND MINERALS | ||
| 710 |
_aUnited Kingdom _bWelsh Office _91214 |
||
| 856 |
_uhttps://www.communities.gov.uk/index.asp?id=1144203 _vView the guidance on the ODPM website... |
||
| 942 | _n0 | ||
| 948 | _c04/03/1997 | ||
| 999 |
_c93578 _d93578 |
||